Obchodovanie na medzinárodných finančných trhoch bakalárska práca

Guardado en:
Detalles Bibliográficos
Autor principal: Delyová, Miroslava
Autor Corporativo: Podnikovohospodárska fakulta EU so sídlom v Košiciach. Katedra obchodného podnikania
Otros Autores: Zuzik, Jozef, 1985-
Formato: Libro
Lenguaje:eslovaco
Publicado: Košice 2022
Etiquetas: Agregar Etiqueta
Sin Etiquetas, Sea el primero en etiquetar este registro!

MARC

LEADER 00000nbm a2200000 4500
001 0286549
005 20230428100406.0
041 0 |a slo 
044 |a SK 
245 1 0 |a Obchodovanie na medzinárodných finančných trhoch  |b bakalárska práca  |c Miroslava Delyová ; školiteľ: Jozef Zuzik 
264 1 |a Košice  |c 2022 
300 |a 47 s. 
100 1 |a Delyová, Miroslava 
700 1 |a Zuzik, Jozef, 1985- 
710 2 |a Podnikovohospodárska fakulta EU so sídlom v Košiciach. Katedra obchodného podnikania